000 01302nam a22003617a 4500
003 CHAP
005 20220329142157.0
008 000131s1999 mx a r 00010 spa d
010 _a79621
011 _a80593
035 _a91044
040 _cCHAP
090 _aTesis
100 0 0 _aRayón Herrera, Raúl.
_994850
245 1 0 _aAdaptación de variedades de frijol (Phaseolus vulgaris L.) bajo riego durante el ciclo otoño-invierno en Morelos
_c/por Raúl Rayón Herrera
260 _aChapingo, Méx. :
_bEl autor,
_c1999
300 _a63 p. :
_bgráfs., cuadros
502 _aTesis (Ing. Agr. Esp. en Fitotecnia) -- UACH. Departamento de Fitotecnia
590 _aALEPH
_b10
_c20130110
_lUCH01
_h1432
590 _aBATCH-UPD
_b10
_c20130110
_lUCH01
_h0731
590 _aBATCH-UPD
_b10
_c20130410
_lUCH01
_h0414
590 _aBATCH-UPD
_b10
_c20130914
_lUCH01
_h1442
590 _aCONVERSION
_b10
_c20130109
_lUCH01
_h1344
650 1 4 _aFrijol
_xIrrigación.
_943398
650 1 4 _aFrijol
_xMorelos.
_943409
650 1 4 _aFrijol
_xVariedades.
_943446
901 _aBK
905 _aMayto Villalobos S.
942 _cFOLL
949 _bBC
_cTES
_d33724000740718
_eTS2
_fc.2
_h34565
_i91044
_sb
949 _bBC
_cTES
_d33724000756920
_eTS2
_fc.3
_h35416
_i91044
_sb
949 _bBC
_cTES
_d910441
_eTS1
_h34564
_i91044
_sb
999 _c79621
_d79621